Medición de la discapacidad en Latinoamérica: orientación conceptual y visibilización
Gespeichert in:
| 1. Verfasser: | |
|---|---|
| Format: | Buch |
| Sprache: | Spanisch |
| Veröffentlicht: |
Buenos Aires
Educa
2009
|
| Ausgabe: | 1a. ed |
| Schlagworte: | |
| Tags: |
Tag hinzufügen
Keine Tags, Fügen Sie den ersten Tag hinzu!
|
MARC
| LEADER | 00000nam a2200000 a 4500 | ||
|---|---|---|---|
| 001 | UCG7013 | ||
| 003 | CL-VaPUC | ||
| 008 | 110609e20090500AG |||||||||||||||||spa|d | ||
| 020 | |a 9789876200868 | ||
| 082 | 0 | 4 | |a 362.1072 |b PAN |2 21 |
| 100 | |a Pantano, Liliana |e autor |9 557542 | ||
| 245 | 1 | 0 | |a Medición de la discapacidad en Latinoamérica: orientación conceptual y visibilización |
| 250 | |a 1a. ed | ||
| 300 | |a 302 p | ||
| 942 | |c BK | ||
| 945 | |d 20110609 00:00:00 |a dcastane | ||
| 260 | |a Buenos Aires |b Educa |c 2009 | ||
| 650 | 0 | |a Discapacidad |9 374444 | |
| 650 | 0 | |a Estadística aplicada |9 270522 | |
| 650 | 0 | |a Investigación científica |9 259857 | |
| 650 | 0 | |a Muestreo |9 270457 | |
| 650 | 0 | |a Datos estadísticos |9 329380 | |
| 650 | 0 | |a Métodos estadísticos |9 259407 | |
| 583 | |a last modification |c 20160928 10:00:27 |k Rodrigo Vera | ||
| 999 | |c 345117 |d 345115 | ||
| 952 | |0 0 |1 0 |4 0 |6 362_107200000000000_PAN_2009 |7 0 |8 A |9 443583 |a BIBEDU |b BIBEDU |d 2019-11-22 |i 4783654 |o 362.1072 PAN 2009 |p 4783654 |r 2019-11-22 |w 2019-11-22 |y BK |k PSI | ||